000 00558caa a22001932a 4500
001 000711
003 AR-FADEU
008 311216n############xxu####################dd
092 _aPP(307)BOL
100 _aGross, P.
245 _bEl desarrollo progresivo de la vivienda como alternativa válida para los problemas habitacionales de los sectores populares
245 _aBoletín de medio ambiente y urbanización
300 _a21-24
440 _v2
440 _n6
260 _cabr 1984
650 _aMEDIO AMBIENTE; URBANIZACION
942 _cPPGR
999 _c3489
_d3489